| 000 | 00577nam a2200205 a 4500 | ||
|---|---|---|---|
| 001 | 000018940 | ||
| 005 | 20200929165903.0 | ||
| 008 | 100520b sp 000 0 spa d | ||
| 020 | _a8473480457 | ||
| 040 |
_aDO-SdBNP _bspa _cBNPHU |
||
| 082 |
_a641.5636 _bL179c |
||
| 100 | 1 |
_aLagrett, Mireille, _940757 |
|
| 245 | 1 | 0 |
_aCocina vegetariana / _cLagrett Mireille. |
| 260 |
_aBarcelona : _bVilmar, _c[s. f.]. |
||
| 300 |
_a155, [5] p. : _bil. ; _c21 cm. |
||
| 650 | 4 |
_aCocina vegetariana _9361 |
|
| 650 | 4 |
_aAlimentos naturales (cocina) _922164 |
|
| 910 | _aWM | ||
| 049 | _aBNGR | ||
| 999 |
_c18458 _d18458 |
||